000 00668nam a2200277Ia 4500
005 20260121124515.0
008 008 260114s9999 xx 000 0 eng d
020 _a9780824894771
037 _aEBOOK
040 _aCRL
040 _beng
040 _cCRL
041 _2eng
041 _aeng
084 _qCRL
100 _aBuswell, Robert E.
_9977166
245 4 _aThe Master from Mountains and Fields
260 _bWalter de Gruyter
260 _bWalter de Gruyter
260 _c2023
650 _aPhilosophy
_9977167
856 _uhttp://www.degruyter.com/isbn/9780824894771
942 _cEBOOK
999 _c1555102
_d1555102